000 00277nam a2200121 i 4500
001 bg
245 0 _aMikrocomputer 91-design, practice, education.
260 _aWrocław,
_c1991.
040 _cBPK
041 _apol
942 _cKS
008 s pl f |000 0 pol
999 _c29503
_d29503
856 _uhttp://koha.tu.koszalin.pl/cgi-bin/koha/opac-detail.pl?biblionumber=29503
_yKatalog online BPK